Dojmy z Medzinárodného súdneho dvora v Haagu a úvahy o jeho rozsudku v kauze SVD G-N

Právny spor o sústave vodných diel Gabčíkovo-Nagymaros a jeho prejednávanie na Medzinárodnom súdnom dvore v Haagu v r.1997. Názory na výstavbu vodného diela zo strany Maďarska. Zmluva 1997 a snahy o jej ukončenie. Pokus o spochybnenie následníctva SR v Zmluve 1997. Výsledok súdneho pojednávania v pr...

ver descrição completa

Na minha lista:
Detalhes bibliográficos
Autor principal: Liška, Miroslav
Formato: Capítulo de Livro
Idioma:eslovaco
Assuntos:
Tags: Adicionar Tag
Sem tags, seja o primeiro a adicionar uma tag!

MARC

LEADER 00000naa a2200000 4500
001 r028178
005 20230925114337.5
041 0 |a slo 
044 |a SK 
245 1 0 |a Dojmy z Medzinárodného súdneho dvora v Haagu a úvahy o jeho rozsudku v kauze SVD G-N  |c M. Liška 
520 |a Právny spor o sústave vodných diel Gabčíkovo-Nagymaros a jeho prejednávanie na Medzinárodnom súdnom dvore v Haagu v r.1997. Názory na výstavbu vodného diela zo strany Maďarska. Zmluva 1997 a snahy o jej ukončenie. Pokus o spochybnenie následníctva SR v Zmluve 1997. Výsledok súdneho pojednávania v prospech Slovenska. 
610 2 0 |a Medzinárodný súdny dvor Haag 
610 2 0 |a 1997 
610 2 0 |a diela vodné 
610 2 0 |a Slovensko 
610 2 0 |a Gabčíkovo 
610 2 0 |a Maďarsko 
100 1 |a Liška, Miroslav